| 000 | 00983nam a2200277 a 4500 | ||
|---|---|---|---|
| 001 | 000002660 | ||
| 003 | DO-SdBNP | ||
| 005 | 20240416181517.0 | ||
| 008 | 090703s2005 dr ac 000 0 spa d | ||
| 040 |
_aDO-SdBNP _bspa _cBNPHU |
||
| 082 | 4 |
_a972.385 _bM553h _244 |
|
| 100 | 1 |
_aMercedes, Nelgido _d1959- _98391 |
|
| 245 | 1 | 0 |
_aHistoria de nuestros barrios. / _cNelgido Mercedes. |
| 260 |
_aSanto Domingo : _bTele-3, _c2005. |
||
| 300 |
_a284 p. : _bil., retrs. ; _c21 cm. |
||
| 490 | 0 | _aClásicos de Higüey | |
| 500 | _aIncluye datos biográficos del autor en la solapa | ||
| 500 | _aIncluye glosario | ||
| 500 | _aEl titulo tomado de la cubierta del libro | ||
| 504 | _aBibliografía: p. 284 | ||
| 650 | 4 |
_aCiudades y pueblos _zRepública Dominicana _xHistoria _98393 |
|
| 650 | 4 |
_aHigüey (República Dominicana) _xHistoria local _98394 |
|
| 650 | 0 |
_aSociología urbana _98395 |
|
| 651 | 4 |
_aHigüey (República Dominicana) _xVida social y costumbres _98392 |
|
| 942 |
_2ddc _cLBS1 |
||
| 999 |
_c2496 _d2496 |
||